Artificial Intelligence (Record no. 610265)
[ view plain ]
| 000 -LEADER | |
|---|---|
| fixed length control field | 00332nam a22001337a 4500 |
| 020 ## - INTERNATIONAL STANDARD BOOK NUMBER | |
| International Standard Book Number | 9788120336494 |
| 040 ## - CATALOGING SOURCE | |
| Transcribing agency | Nust |
| 082 ## - DEWEY DECIMAL CLASSIFICATION NUMBER | |
| Classification number | 006.3 |
| Author Mark | MIS |
| 100 ## - MAIN ENTRY--PERSONAL NAME | |
| Personal name | R.B. Mishra |
| 9 (RLIN) | 124390 |
| 245 ## - TITLE STATEMENT | |
| Title | Artificial Intelligence |
| 260 ## - PUBLICATION, DISTRIBUTION, ETC. | |
| Place of publication, distribution, etc. | New Delhi: |
| Name of publisher, distributor, etc. | PHI Learning Pvt Ltd, |
| Date of publication, distribution, etc. | 2011. |
| 650 ## - SUBJECT ADDED ENTRY--TOPICAL TERM | |
| Topical term or geographic name entry element | Artificial Intelligence |
| 942 ## - ADDED ENTRY ELEMENTS (KOHA) | |
| Source of classification or shelving scheme | |
| Koha item type | Book |
No items available.
